The Grace Of Brigands/ (Record no. 201123)

MARC details
000 -LEADER
fixed length control field 00521nam a22001937a 4500
005 - DATE AND TIME OF LATEST TRANSACTION
control field 20240404170754.0
010 ## - LCCN (DPL NO)
LC control number ENG-139478
020 ## - INTERNATIONAL STANDARD BOOK NUMBER
International Standard Book Number 9788176212793
Terms of availability 295.00
035 ## - SYSTEM CONTROL NUMBER
System control number EN-123010
037 ## - SOURCE OF ACQUISITION
Source of stock number/acquisition DBAD/PUB
082 ## - DEWEY DECIMAL CLASSIFICATION NUMBER
Classification number N
100 ## - MAIN ENTRY--PERSONAL NAME
Personal name Ovalde, Veronique
245 ## - TITLE STATEMENT
Title The Grace Of Brigands/
Statement of responsibility, etc By Veronique Ovalde
260 ## - PUBLICATION, DISTRIBUTION, ETC. (IMPRINT)
Place of publication, distribution, etc New Delhi
Name of publisher, distributor, etc Full Circle Publishing
270 ## - ADDRESS
Address J-40, Jorbagh Lane
City New Delhi
Postal code 110003
300 ## - PHYSICAL DESCRIPTION
Extent 295Pages;
Dimensions 21cm(pbk)
760 ## - MAIN SERIES ENTRY
Edition 1
942 ## - ADDED ENTRY ELEMENTS (KOHA)
Item type English Books
Classification part N
Source of classification or shelving scheme Dewey Decimal Classification
Call number suffix OVA
Edition 2015
Holdings
Withdrawn status Lost status Not for loan Collection code Home library Current library Date acquired Source of acquisition Cost, normal purchase price Full call number Barcode Copy number Cost, replacement price Koha item type
      Fiction Bawana Bawana 29/02/2024 DBAD 295.00 N OVA EN-123010 1 295.00 English Books

© Delhi Public Library
Hit Counter
free hit counter